000 00607nam a2200181Ia 4500
008 090123s9999 xx 000 0 und d
082 _b26225
_a923.254/आठव
100 _aआठवले सदाशिव
245 _aजॉर्ज वॉशिंग्टन
250 _a1
260 _bमॅजेस्टिक प्रकाशन
300 _a211
600 _aआठवले सदाशिव
630 _aजॉर्ज वॉशिंग्टन
700 _aआठवले सदाशिव
730 _aजॉर्ज वॉशिंग्टन
942 _cBOOK
999 _c64296
_d64296